Colors : (Record no. 8434)

MARC details
000 -LEADER
fixed length control field 01173cam a2200337 a 4500
001 - CONTROL NUMBER
control field 00025231
003 - CONTROL NUMBER IDENTIFIER
control field DLC
005 - DATE AND TIME OF LATEST TRANSACTION
control field 20251222124638.0
008 - FIXED-LENGTH DATA ELEMENTS--GENERAL INFORMATION
fixed length control field 000218s2000 nyua b 001 0 eng
010 ## - LIBRARY OF CONGRESS CONTROL NUMBER
LC control number 00025231
020 ## - INTERNATIONAL STANDARD BOOK NUMBER
International Standard Book Number 0810928728 (pbk.)
020 ## - INTERNATIONAL STANDARD BOOK NUMBER
International Standard Book Number 9780810928725 (pbk.)
040 ## - CATALOGING SOURCE
Original cataloging agency DLC
Transcribing agency DLC
Modifying agency UKM
-- JBO
-- C#P
-- BAKER
-- BTCTA
-- YDXCP
-- VP@
-- CFU
041 1# - LANGUAGE CODE
Language code of text/sound track or separate title eng
Language code of original fre
050 00 - LIBRARY OF CONGRESS CALL NUMBER
Classification number TP897
Item number .D3913 2000
082 00 - DEWEY DECIMAL CLASSIFICATION NUMBER
Classification number 667.2 D39 2000
Edition number 21
090 ## - LOCALLY ASSIGNED LC-TYPE CALL NUMBER (OCLC); LOCAL CALL NUMBER (RLIN)
Classification number (OCLC) (R) ; Classification number, CALL (RLIN) (NR) TP897
Local cutter number (OCLC) ; Book number/undivided call number, CALL (RLIN) .D3913 2000
100 1# - MAIN ENTRY--PERSONAL NAME
Personal name Delamare, François.
240 10 - UNIFORM TITLE
Uniform title Materiaux de la couleur.
Language of a work English.
245 10 - TITLE STATEMENT
Title Colors :
Remainder of title the story of dyes and pigments /
Statement of responsibility, etc. François Delamare and Bernard Guineau.
260 ## - PUBLICATION, DISTRIBUTION, ETC.
Place of publication, distribution, etc. New York :
Name of publisher, distributor, etc. H.N. Abrams,
Date of publication, distribution, etc. c2000.
300 ## - PHYSICAL DESCRIPTION
Extent 159 p. :
Other physical details ill. (some col.) ;
Dimensions 18 cm.
490 1# - SERIES STATEMENT
Series statement Discoveries.
504 ## - BIBLIOGRAPHY, ETC. NOTE
Bibliography, etc. note Includes bibliographical references and index.
505 0# - FORMATTED CONTENTS NOTE
Formatted contents note Painting and dyeing -- Colors in the middle ages -- The explosion of supply and demand -- The triumph of industrial chemistry.
650 #0 - SUBJECT ADDED ENTRY--TOPICAL TERM
Topical term or geographic name entry element Dyes and dyeing.
650 #0 - SUBJECT ADDED ENTRY--TOPICAL TERM
Topical term or geographic name entry element Pigments.
700 1# - ADDED ENTRY--PERSONAL NAME
Personal name Guineau, Bernard,
Dates associated with a name 1935-
830 #0 - SERIES ADDED ENTRY--UNIFORM TITLE
Uniform title Discoveries (New York, N.Y.)
942 ## - ADDED ENTRY ELEMENTS (KOHA)
Source of classification or shelving scheme Dewey Decimal Classification
Koha item type English Book
Suppress in OPAC No
Holdings
Withdrawn status Lost status Source of classification or shelving scheme Damaged status Not for loan Home library Current library Date acquired Total Checkouts Full call number Barcode Date last seen Price effective from Koha item type
    Dewey Decimal Classification     CENTRAL TUWAIQ 12/28/2025   667.2 D39 2000 1000000025668 12/28/2025 12/28/2025 English Book